[Event "II Open Hotel Petra FIDE"]
[Site "Roma ITA"]
[Date "2004.09.14"]
[Round "4"]
[White "Di Lascio, Savino"]
[Black "Almonti, Alessandro"]
[Result "1-0"]
[WhiteElo "2024"]
[BlackElo "2033"]
[PlyCount "119"]
[EventDate "2004.09.11"]

1. Nf3 g6 2. g3 f5 3. Bg2 Nf6 4. O-O Bg7 5. d3 d6 6. c3 c6 7. b4 e5 8. Bb2 Qe7
9. a4 O-O 10. c4 Nbd7 11. a5 a6 12. Qb3 Nh5 13. Nbd2 Kh8 14. e4 Bh6 15. d4 Bxd2
16. Nxd2 f4 17. c5 dxc5 18. bxc5 h6 19. Qc3 Ng7 20. Rac1 Ne6 21. dxe5 Kh7 22.
Nf3 fxg3 23. fxg3 Qxc5+ 24. Qxc5 Ndxc5 25. Ba3 Nd3 26. Rcd1 Rd8 27. Be7 Re8 28.
Bd6 Nb2 29. Ra1 Nc4 30. Nh4 Ne3 31. Rf7+ Kg8 32. Rf6 Nxg2 33. Rxg6+ Kh7 34.
Kxg2 Ng5 35. Re1 Bh3+ 36. Kf2 Rad8 37. Rf6 Re6 38. Rxe6 Bxe6 39. Ke3 Nf7 40.
Nf5 h5 41. Kf4 Rg8 42. Nd4 Rg4+ 43. Ke3 Ng5 44. Kd3 h4 45. Nxe6 Nxe6 46. gxh4
Rxh4 47. Rb1 Rxh2 48. Rxb7+ Kg6 49. Rb6 Kg5 50. Rxa6 Kf4 51. Rxc6 Rh3+ 52. Kc4
Kxe4 53. a6 Rh1 54. Ba3 Kxe5 55. a7 Rh4+ 56. Kb5 Nd4+ 57. Kb6 Nxc6 58. a8=Q Rh6
59. Kc5 Ne7 60. Bb2+ 1-0

[Event "II Open Hotel Petra FIDE"]
[Site "Roma ITA"]
[Date "2004.09.14"]
[Round "4"]
[White "Fayard, Alain"]
[Black "Rossi, Aldo A."]
[Result "1/2-1/2"]
[WhiteElo "2253"]
[BlackElo "2036"]
[PlyCount "76"]
[EventDate "2004.09.11"]

1. e4 c5 2. Nf3 d6 3. d4 cxd4 4. Nxd4 Nf6 5. Nc3 g6 6. Be3 Bg7 7. f3 O-O 8. Qd2
Nc6 9. g4 Nxd4 10. Bxd4 Be6 11. h4 Qa5 12. a3 Rfc8 13. O-O-O Bc4 14. h5 Bxf1
15. Rdxf1 Rc4 16. hxg6 hxg6 17. Ne2 Qxd2+ 18. Kxd2 Nd7 19. Bc3 Rac8 20. Rh3
Bxc3+ 21. Nxc3 Nf6 22. Rfh1 Kf8 23. Kd3 R4c5 24. R3h2 e6 25. Rh8+ Ke7 26. Rxc8
Rxc8 27. Rh2 g5 28. Nb5 a6 29. Nd4 Nd7 30. b3 Ne5+ 31. Kd2 b6 32. Rh1 Kd7 33.
Rh7 Ke7 34. Rh3 Kf6 35. c4 Ke7 36. Nc2 Nd7 37. Rh1 Kf6 38. Nd4 Ne5 1/2-1/2

[Event "II Open Hotel Petra FIDE"]
[Site "Roma ITA"]
[Date "2004.09.14"]
[Round "4"]
[White "Pienabarca, Nicola"]
[Black "Braschi, Giancarlo"]
[Result "1-0"]
[WhiteElo "2100"]
[BlackElo "2196"]
[PlyCount "65"]
[EventDate "2004.09.11"]

1. d4 c5 2. d5 d6 3. c4 g6 4. Nc3 Bg7 5. e4 e6 6. f4 exd5 7. cxd5 Nf6 8. Nf3
O-O 9. Be2 Re8 10. e5 dxe5 11. fxe5 Ng4 12. Bg5 Qb6 13. O-O Nxe5 14. Nxe5 Rxe5
15. Qd2 Bf5 16. d6 Nc6 17. Nd5 Rxd5 18. Qxd5 Nb4 19. Qd2 Bd4+ 20. Kh1 Qxd6 21.
Bc4 a6 22. Rae1 Nc6 23. Bf4 Qd7 24. a4 b5 25. axb5 axb5 26. Bxb5 Ra2 27. Ra1
Rxb2 28. Ra8+ Kg7 29. Bh6+ Kf6 30. Qg5+ Ke6 31. Re1+ Kd6 32. Bf8+ Kd5 33. Rd8
1-0

[Event "II Open Hotel Petra FIDE"]
[Site "Roma ITA"]
[Date "2004.09.14"]
[Round "4"]
[White "Placchetta, Omero"]
[Black "Rocchetti, Marco"]
[Result "0-1"]
[WhiteElo "1571"]
[BlackElo "1978"]
[PlyCount "76"]
[EventDate "2004.09.11"]

1. e4 d5 2. exd5 Qxd5 3. Nc3 Qa5 4. d4 Nf6 5. Bd2 c6 6. Be2 Bf5 7. Nf3 e6 8. a3
Nbd7 9. O-O Qc7 10. h3 Bd6 11. Bd3 Bxd3 12. cxd3 O-O 13. Ne4 Be7 14. Rc1 Qb6
15. Bc3 Nd5 16. Ne5 Rad8 17. Nc4 Qc7 18. Ba5 b6 19. Bd2 Rc8 20. g3 N7f6 21. Ne5
Qb7 22. Nc4 Rfd8 23. Qf3 Nxe4 24. dxe4 Nf6 25. e5 Nd5 26. Qg4 b5 27. Na5 Qd7
28. Nb3 f5 29. exf6 Nxf6 30. Qe2 Kf7 31. Rfe1 Re8 32. Bg5 Qd5 33. Nc5 Qxg5 34.
Qxe6+ Kg6 35. h4 Qf5 36. Qe2 Bxc5 37. Rxc5 Rxe2 38. Rxe2 Qd7 0-1

[Event "II Open Hotel Petra FIDE"]
[Site "Roma ITA"]
[Date "2004.09.14"]
[Round "4"]
[White "Russi, Roberto"]
[Black "Ciotoli, Patrizio"]
[Result "1-0"]
[WhiteElo "2086"]
[BlackElo "2164"]
[PlyCount "123"]
[EventDate "2004.09.11"]

1. c4 e5 2. Nc3 Nf6 3. Nf3 Nc6 4. d4 exd4 5. Nxd4 Bb4 6. Bg5 Ne4 7. Bxd8 Nxc3
8. Nxc6 Nxd1+ 9. Nxb4 Nxb2 10. Bxc7 b6 11. e4 Bb7 12. Be5 Na4 13. Nd5 O-O 14.
f3 f6 15. Bd6 Rfd8 16. Be2 Kf7 17. Kd2 Rac8 18. Rhc1 Ke6 19. Ba3 d6 20. Nf4+
Kf7 21. Nd3 Nc5 22. Nxc5 dxc5+ 23. Ke1 Ke6 24. Bb2 Rc6 25. Rd1 Rcd6 26. Rxd6+
Rxd6 27. Rd1 Rxd1+ 28. Kxd1 Bc6 29. Kd2 Bb7 30. Bd1 Bc6 31. Ke3 Kd6 32. Bc3 Ke6
33. Be2 Kd6 34. Be1 Ke6 35. Bg3 a6 36. h4 g6 37. Bd1 b5 38. cxb5 axb5 39. Kd3
h6 40. Bf2 Kd6 41. g4 Bd7 42. a3 Be6 43. Kc3 Bd7 44. Be3 g5 45. h5 Bc6 46. Kd3
Be8 47. Bc2 Bf7 48. Bd2 Be6 49. Ba5 Bc4+ 50. Ke3 Ba2 51. Bc3 Ke7 52. Bd3 b4 53.
axb4 cxb4 54. Bxb4+ Kf7 55. Kd4 Kg7 56. Bd6 Bb3 57. Be2 Ba4 58. Be7 Kf7 59. Bd8
Kg7 60. Kc5 Bd7 61. Kd6 Ba4 62. Ke7 1-0

[Event "II Open Hotel Petra FIDE"]
[Site "Roma ITA"]
[Date "2004.09.15"]
[Round "5"]
[White "Braschi, Giancarlo"]
[Black "De Vita, Igor"]
[Result "0-1"]
[WhiteElo "2196"]
[BlackElo "2156"]
[PlyCount "240"]
[EventDate "2004.09.11"]

1. d4 d6 2. c4 e5 3. Nf3 Nd7 4. Nc3 Ngf6 5. e4 Be7 6. Be2 c6 7. O-O O-O 8. b3
Re8 9. Bb2 Bf8 10. d5 c5 11. Ne1 Nb8 12. Nd3 Na6 13. Qd2 Nb4 14. f4 Nxd3 15.
Bxd3 Nd7 16. g3 Be7 17. Rae1 Bf6 18. Nb5 Nf8 19. fxe5 Bxe5 20. Bxe5 Rxe5 21.
Qf4 f6 22. g4 Ng6 23. Qg3 Bxg4 24. Kh1 Bc8 25. Rg1 Qe7 26. a3 Bd7 27. Nc3 Rg5
28. Qf2 Rxg1+ 29. Rxg1 b6 30. Bf1 Qe5 31. Qg3 Qxg3 32. Rxg3 Ne5 33. Bh3 Bxh3
34. Rxh3 a6 35. Kg2 g6 36. Re3 Re8 37. Re1 Kf7 38. a4 Rb8 39. Ra1 Ke7 40. h4
Nf7 41. Kf3 Nd8 42. h5 Nf7 43. Rg1 Kd7 44. Kf4 Rg8 45. Rh1 Ke7 46. Re1 Rb8 47.
Rg1 Ng5 48. Rb1 a5 49. hxg6 hxg6 50. Rh1 Kf7 51. Nb5 Rd8 52. Rh2 Kg7 53. Nc7
Rc8 54. Nb5 Nf7 55. Rh1 Rd8 56. Nc7 Ng5 57. Nb5 Kf7 58. Rh6 Kg7 59. Rh2 Rd7 60.
Rh1 Nf7 61. Rh2 Nh6 62. Rh1 g5+ 63. Kf3 Kg6 64. Re1 Nf7 65. Rh1 f5 66. exf5+
Kxf5 67. Re1 Ne5+ 68. Kg3 Kf6 69. Rh1 Kg7 70. Re1 Kf6 71. Rf1+ Ke7 72. Rf5 Nf7
73. Rf1 Ne5 74. Rh1 Nf7 75. Kg4 Kf6 76. Rf1+ Kg6 77. Re1 Ne5+ 78. Kg3 Kf6 79.
Rh1 Kg7 80. Rh5 Nf7 81. Rh3 Re7 82. Kg4 Kg6 83. Rc3 Re4+ 84. Kg3 Re7 85. Kg4
Nh6+ 86. Kf3 Nf5 87. Rd3 Rh7 88. Kg2 g4 89. Nc3 Re7 90. Kf2 Kg5 91. Ne2 Re4 92.
Ng3 Rf4+ 93. Kg2 Nxg3 94. Kxg3 Re4 95. Rc3 Kf5 96. Rd3 Re1 97. Kf2 Re5 98. Rd1
Kf4 99. Rg1 Rh5 100. Kg2 Rh3 101. Rb1 Re3 102. Rf1+ Rf3 103. Re1 Rxb3 104. Re6
Rb2+ 105. Kf1 Rb4 106. Rxd6 Rxa4 107. Rxb6 Rxc4 108. Ra6 Rd4 109. d6 Ke5 110.
Rxa5 Kxd6 111. Kf2 Kd5 112. Kg3 Kc4 113. Ra8 Kc3 114. Kf2 c4 115. Ke2 Rd3 116.
Re8 g3 117. Rc8 Kb3 118. Rb8+ Kc2 119. Rg8 g2 120. Rg7 Rd1 0-1

[Event "II Open Hotel Petra FIDE"]
[Site "Roma ITA"]
[Date "2004.09.15"]
[Round "5"]
[White "Dentale, Enrico"]
[Black "Di Lascio, Savino"]
[Result "1/2-1/2"]
[WhiteElo "1946"]
[BlackElo "2024"]
[PlyCount "120"]
[EventDate "2004.09.11"]

1. d4 Nf6 2. Bg5 Ne4 3. Bf4 d5 4. Nd2 Bf5 5. e3 g5 6. Bg3 Nxg3 7. hxg3 Qd7 8.
c4 e6 9. Ngf3 f6 10. Qb3 c6 11. Bd3 Bxd3 12. Qxd3 Na6 13. a3 O-O-O 14. cxd5
Qxd5 15. Rxh7 Rxh7 16. Qxh7 g4 17. Nh2 f5 18. Qf7 Nc7 19. f3 Bh6 20. Nhf1 Bxe3
21. Nxe3 Qxd4 22. Ndc4 b5 23. Rd1 Qc5 24. Rxd8+ Kxd8 25. Qg8+ Ne8 26. Qg5+ Kd7
27. Nd2 Qe5 28. fxg4 Qxg3+ 29. Ke2 fxg4 30. Qxg4 Qe5 31. Qb4 Nc7 32. Nf3 Qg7
33. Qd4+ Qxd4 34. Nxd4 c5 35. Nf3 c4 36. g4 Kd6 37. g5 a5 38. g6 Ne8 39. Kd2
Kc5 40. Kc2 Ng7 41. Ng4 a4 42. Nfe5 b4 43. Ne3 bxa3 44. bxa3 Kd4 45. N5xc4 e5
46. Kd2 e4 47. Nb6 Ke5 48. Nxa4 Kf6 49. Nc5 Kxg6 50. Nxe4 Ne6 51. a4 Nc7 52. a5
Kf7 53. Kc3 Ke6 54. Kc4 Kd7 55. Kc5 Kc8 56. Nc4 Kb7 57. Nc3 Ka6 58. Na2 Ne6+
59. Kd6 Nd4 60. Nb4+ Kb5 1/2-1/2

[Event "II Open Hotel Petra FIDE"]
[Site "Roma ITA"]
[Date "2004.09.15"]
[Round "5"]
[White "Marta, Daniele"]
[Black "Cavatorta, Fosco"]
[Result "1/2-1/2"]
[WhiteElo "2089"]
[BlackElo "2057"]
[PlyCount "137"]
[EventDate "2004.09.11"]

1. d4 d6 2. Nf3 Bg4 3. c4 Nd7 4. Nc3 e5 5. d5 Be7 6. e4 Bxf3 7. Qxf3 Bg5 8. Qg3
Bxc1 9. Rxc1 g6 10. Be2 Ngf6 11. O-O O-O 12. f4 Kg7 13. Rf2 exf4 14. Qxf4 Ne5
15. Rcf1 Nfd7 16. Qe3 Qe7 17. Rf4 h6 18. Nb5 a6 19. Nd4 c5 20. dxc6 bxc6 21.
Qg3 Qg5 22. Rxf7+ Kg8 23. Rxf8+ Rxf8 24. Qxg5 hxg5 25. Ne6 Rb8 26. b3 a5 27.
Nxg5 a4 28. Rd1 axb3 29. axb3 Rxb3 30. Rxd6 Rb2 31. Bg4 Nxg4 32. Rxg6+ Kf8 33.
Nh7+ Ke7 34. Rxg4 Rc2 35. Ng5 Ne5 36. Rf4 Rc1+ 37. Rf1 Rxc4 38. h4 Rc3 39. Rf4
Rd3 40. Kf1 Ra3 41. Rf5 Ng4 42. Rf7+ Kd6 43. h5 Ra1+ 44. Ke2 Ra2+ 45. Kf3 Ne5+
46. Kg3 Nxf7 47. Nxf7+ Ke7 48. Ne5 c5 49. Kf3 Ke6 50. Nd3 c4 51. Nf4+ Ke5 52.
Nd5 c3 53. Ke3 Rxg2 54. Nxc3 Rg3+ 55. Kd2 Rh3 56. Kc2 Rxh5 57. Kd3 Rh3+ 58. Kc4
Re3 59. Nb5 Rxe4+ 60. Kc5 Re1 61. Kc4 Re4+ 62. Kc5 Re3 63. Kc4 Rh3 64. Kc5 Rh1
65. Kc4 Rb1 66. Nc3 Rb8 67. Kd3 Rb4 68. Ne2 Kd5 69. Nc3+ 1/2-1/2

[Event "II Open Hotel Petra FIDE"]
[Site "Roma ITA"]
[Date "2004.09.15"]
[Round "5"]
[White "Occhipinti, Massimo"]
[Black "Ciotoli, Patrizio"]
[Result "1/2-1/2"]
[WhiteElo "2089"]
[BlackElo "2164"]
[PlyCount "92"]
[EventDate "2004.09.11"]

1. f4 Nf6 2. Nf3 d5 3. g3 g6 4. Bg2 Bg7 5. O-O O-O 6. d3 Nc6 7. h3 b6 8. Nc3 e6
9. a3 Bb7 10. Kh2 d4 11. Ne4 Ne7 12. Nxf6+ Bxf6 13. Rb1 c5 14. e4 dxe3 15. Bxe3
Nf5 16. Bf2 Qc7 17. Qe2 Rac8 18. c3 Rfd8 19. Rbd1 Bd5 20. Ne5 Bxg2 21. Kxg2 Rd5
22. d4 cxd4 23. cxd4 Qd8 24. Qe4 b5 25. g4 Nd6 26. Qe2 Nc4 27. a4 a6 28. b3 Nb6
29. Rc1 bxa4 30. bxa4 Rxc1 31. Rxc1 Bxe5 32. fxe5 Nxa4 33. Qxa6 Ra5 34. Rc8
Rxa6 35. Rxd8+ Kg7 36. Bh4 Kh6 37. Rh8 g5 38. Bf2 Kg7 39. Rd8 Nc3 40. h4 Ne4
41. Be1 Ra1 42. Bb4 gxh4 43. Bf8+ Kg6 44. Be7 f6 45. exf6 Nxf6 46. Bxf6 Kxf6
1/2-1/2

[Event "II Open Hotel Petra FIDE"]
[Site "Roma ITA"]
[Date "2004.09.15"]
[Round "5"]
[White "Rossi, Aldo A."]
[Black "Pienabarca, Nicola"]
[Result "1-0"]
[WhiteElo "2036"]
[BlackElo "2100"]
[PlyCount "45"]
[EventDate "2004.09.11"]

1. d4 Nf6 2. Nf3 c5 3. d5 b5 4. Bg5 Qb6 5. Bxf6 Qxf6 6. c3 d6 7. Nbd2 e6 8. e4
a6 9. a4 Be7 10. e5 Qg6 11. exd6 Bxd6 12. dxe6 O-O 13. exf7+ Rxf7 14. Be2 Nc6
15. axb5 Ne5 16. Nxe5 Bxe5 17. Bh5 Qxg2 18. Bxf7+ Kxf7 19. Qf3+ Qxf3 20. Nxf3
Bf4 21. O-O Bg4 22. Ra4 g5 23. Nxg5+ 1-0

[Event "II Open Hotel Petra FIDE"]
[Site "Roma ITA"]
[Date "2004.09.15"]
[Round "5"]
[White "Scacco, Mauro"]
[Black "Fayard, Alain"]
[Result "0-1"]
[WhiteElo "2117"]
[BlackElo "2253"]
[PlyCount "50"]
[EventDate "2004.09.11"]

1. e4 c5 2. Nf3 d6 3. d4 cxd4 4. Nxd4 Nf6 5. Nc3 g6 6. Be3 Bg7 7. f3 Nc6 8. Qd2
O-O 9. Bc4 Bd7 10. O-O-O Rc8 11. Bb3 Nxd4 12. Bxd4 b5 13. e5 dxe5 14. Bxe5 Bc6
15. Qg5 Qb6 16. h4 h6 17. Qd2 b4 18. Ne2 a5 19. Nf4 a4 20. Nxg6 axb3 21. Nxe7+
Kh7 22. axb3 Qa5 23. Qf4 Qa1+ 24. Kd2 Rfd8+ 25. Ke3 Qa7+ 0-1

[Event "II Open Hotel Petra FIDE"]
[Site "Roma ITA"]
[Date "2004.09.15"]
[Round "5"]
[White "Simeoni, Matteo"]
[Black "Bellincampi, Stefano"]
[Result "0-1"]
[WhiteElo "2032"]
[BlackElo "2064"]
[PlyCount "76"]
[EventDate "2004.09.11"]

1. e4 e5 2. Nf3 Nc6 3. d4 exd4 4. Nxd4 Nf6 5. Nc3 Bb4 6. Nxc6 bxc6 7. Bd3 O-O
8. Bg5 h6 9. Bh4 Re8 10. O-O Rb8 11. Re1 Be7 12. Rb1 d6 13. f4 Bg4 14. Ne2 Nxe4
15. Bxe7 Rxe7 16. h3 Bd7 17. Nd4 Nc5 18. b3 Rxe1+ 19. Qxe1 Qf6 20. Qf2 Nxd3 21.
cxd3 Re8 22. Ne2 c5 23. d4 cxd4 24. Nxd4 Re4 25. Ne2 c5 26. Rd1 Bb5 27. Ng3
Rxf4 28. Qe1 Rd4 29. Rc1 Qg5 30. Rc2 Rd3 31. Kh2 Re3 32. Qf2 Qe5 33. Rd2 Bd3
34. Rb2 d5 35. b4 c4 36. b5 Rxg3 37. Qxg3 Qxb2 38. Qb8+ Kh7 0-1

[Event "II Open Hotel Petra FIDE"]
[Site "Roma ITA"]
[Date "2004.09.15"]
[Round "5"]
[White "Tribuiani, Renato"]
[Black "Russi, Roberto"]
[Result "1-0"]
[WhiteElo "2119"]
[BlackElo "2086"]
[PlyCount "61"]
[EventDate "2004.09.11"]

1. e4 c5 2. Nf3 e6 3. d4 cxd4 4. Nxd4 Nc6 5. Be2 Qc7 6. Nc3 a6 7. O-O b5 8. Bf3
Ne5 9. Bf4 Nxf3+ 10. Qxf3 d6 11. e5 d5 12. Nxd5 exd5 13. e6 Qb7 14. exf7+ Kxf7
15. g4 Nf6 16. g5 Ne4 17. Rfe1 Kg8 18. Qb3 Qf7 19. f3 Bc5 20. Rad1 Qxf4 21.
Qxd5+ Kf8 22. Rxe4 Qd6 23. Qxa8 Kf7 24. c3 Rf8 25. Rde1 Bf5 26. Re7+ Kg8 27.
Qb7 Qg6 28. Qd5+ Kh8 29. Qxc5 Qxg5+ 30. Kh1 Qf4 31. Rf7 1-0

[Event "II Open Hotel Petra FIDE"]
[Site "Roma ITA"]
[Date "2004.09.16"]
[Round "6"]
[White "Almonti, Alessandro"]
[Black "Romagnoli, Moreno"]
[Result "1-0"]
[WhiteElo "2033"]
[BlackElo "1891"]
[PlyCount "89"]
[EventDate "2004.09.11"]

1. f4 Nf6 2. b3 e6 3. Bb2 b6 4. Nf3 Bb7 5. e3 Be7 6. Be2 c5 7. O-O d5 8. Ne5
O-O 9. d3 Nbd7 10. Nd2 Qc7 11. Qe1 Rad8 12. Qg3 Rfe8 13. Qh3 Nf8 14. Rf3 d4 15.
e4 Bd6 16. Ndc4 Bxe5 17. fxe5 Nxe4 18. dxe4 Bxe4 19. Rg3 Bxc2 20. Rc1 Bf5 21.
Bg4 Bg6 22. Nd6 Re7 23. Bxd4 Red7 24. Bc3 c4 25. Bd4 Rxd6 26. exd6 Qxd6 27.
Rxc4 b5 28. Rc1 Qxd4+ 29. Kh1 Qb2 30. Rgc3 Rd2 31. Qg3 Be4 32. Bf3 Bxf3 33.
Qxf3 Rf2 34. Qd3 Rxg2 35. R1c2 Rxc2 36. Qxc2 Qa3 37. Rc8 g6 38. Qc5 Qxc5 39.
Rxc5 Nd7 40. Rxb5 Nb6 41. a4 Kg7 42. a5 Nd5 43. Rb7 a6 44. Rb6 Nxb6 45. axb6
1-0

[Event "II Open Hotel Petra FIDE"]
[Site "Roma ITA"]
[Date "2004.09.16"]
[Round "6"]
[White "Bellincampi, Stefano"]
[Black "Cappai, Davide"]
[Result "0-1"]
[WhiteElo "2064"]
[BlackElo "2132"]
[PlyCount "62"]
[EventDate "2004.09.11"]

1. e4 c5 2. Nf3 Nc6 3. c3 Nf6 4. e5 Nd5 5. d4 cxd4 6. cxd4 d6 7. Bc4 Nb6 8. Bb5
dxe5 9. Nxe5 Bd7 10. Nxd7 Qxd7 11. Nc3 e6 12. O-O a6 13. Bxc6 Qxc6 14. Qg4 h5
15. Qe2 h4 16. h3 Bb4 17. Be3 Bxc3 18. bxc3 Qd5 19. c4 Nxc4 20. Rfc1 b5 21. Qg4
g6 22. Bg5 Qf5 23. Qxf5 gxf5 24. a4 Kd7 25. axb5 axb5 26. Bf6 Rhb8 27. Bxh4
Rxa1 28. Rxa1 b4 29. Ra7+ Kc6 30. d5+ Kxd5 31. Be7 b3 0-1

[Event "II Open Hotel Petra FIDE"]
[Site "Roma ITA"]
[Date "2004.09.16"]
[Round "6"]
[White "Cavatorta, Fosco"]
[Black "Placchetta, Omero"]
[Result "1-0"]
[WhiteElo "2057"]
[BlackElo "1571"]
[PlyCount "65"]
[EventDate "2004.09.11"]

1. Nf3 Nf6 2. d4 d6 3. c3 Nbd7 4. Bf4 a6 5. Nbd2 c5 6. e3 b5 7. Be2 Bb7 8. O-O
c4 9. h3 h6 10. a4 g5 11. Bh2 Ne4 12. Nxe4 Bxe4 13. Nd2 Bg6 14. Bh5 Bxh5 15.
Qxh5 Nf6 16. Qf3 d5 17. e4 e6 18. Be5 Be7 19. axb5 Nxe4 20. Nxe4 dxe4 21. Qxe4
f6 22. Qc6+ Kf7 23. Bc7 Qd5 24. Qxd5 exd5 25. b6 Rac8 26. Rxa6 Rxc7 27. bxc7
Rc8 28. Rc6 Ke8 29. Re1 Kd7 30. Rce6 Bd6 31. Rxf6 Kxc7 32. Ree6 Rd8 33. Rxh6
1-0

[Event "II Open Hotel Petra FIDE"]
[Site "Roma ITA"]
[Date "2004.09.16"]
[Round "6"]
[White "Ciotoli, Patrizio"]
[Black "Simeoni, Matteo"]
[Result "1/2-1/2"]
[WhiteElo "2164"]
[BlackElo "2032"]
[PlyCount "72"]
[EventDate "2004.09.11"]

1. e4 c5 2. Nf3 d6 3. Nc3 Nf6 4. e5 dxe5 5. Nxe5 a6 6. Be2 e6 7. Bf3 Be7 8. O-O
O-O 9. d3 Nbd7 10. Nc4 Qc7 11. Re1 Ra7 12. a4 Re8 13. a5 b5 14. axb6 Nxb6 15.
Nxb6 Qxb6 16. Be3 Rd7 17. b4 Qxb4 18. Qd2 Qb6 19. Na4 Qc7 20. Rab1 Nd5 21. c4
Nxe3 22. Qxe3 Rd4 23. Rb6 Red8 24. Be4 Bd6 25. Rb3 Bxh2+ 26. Kf1 Bf4 27. Qe2
Bd6 28. Reb1 Qe7 29. g3 g6 30. Nb6 Qg5 31. Nxc8 Rxc8 32. Kg2 Rd8 33. Rb6 h5 34.
Rh1 Qe5 35. Rxa6 Kg7 36. Ra7 Bb8 1/2-1/2

[Event "II Open Hotel Petra FIDE"]
[Site "Roma ITA"]
[Date "2004.09.16"]
[Round "6"]
[White "De Vita, Igor"]
[Black "Tribuiani, Renato"]
[Result "1-0"]
[WhiteElo "2156"]
[BlackElo "2119"]
[PlyCount "105"]
[EventDate "2004.09.11"]

1. d4 e6 2. c4 f5 3. Nf3 Nf6 4. Qc2 b6 5. g3 Bb7 6. Bg2 Bb4+ 7. Bd2 a5 8. O-O
O-O 9. Ne5 Bxg2 10. Kxg2 Ne4 11. Bxb4 axb4 12. Nd2 d6 13. Nef3 Nxd2 14. Qxd2 c5
15. Rfd1 Ra6 16. a3 bxa3 17. Rxa3 Rxa3 18. bxa3 Qc8 19. dxc5 dxc5 20. Kf1 h6
21. Qd6 Nc6 22. Qd7 Qxd7 23. Rxd7 Ra8 24. Rd6 Nd4 25. Nxd4 cxd4 26. Rxe6 Rxa3
27. Rxb6 Rc3 28. Rc6 Kf7 29. h4 f4 30. Kg2 fxg3 31. fxg3 h5 32. c5 d3 33. exd3
Rxd3 34. Rc7+ Kg6 35. c6 Rc3 36. Rc8 Kf5 37. Kh3 g6 38. c7 Ke6 39. Rg8 Rxc7 40.
Rxg6+ Kf5 41. Rg5+ Ke4 42. Rxh5 Rf7 43. Kg4 Ke3 44. Rg5 Rf1 45. Rf5 Rg1 46. h5
Ke4 47. Rf4+ Ke5 48. h6 Ke6 49. Kh4 Ke5 50. Rf2 Ke6 51. g4 Ke7 52. Kh5 Ra1 53.
h7 1-0

[Event "II Open Hotel Petra FIDE"]
[Site "Roma ITA"]
[Date "2004.09.16"]
[Round "6"]
[White "Di Lascio, Savino"]
[Black "Marta, Daniele"]
[Result "1/2-1/2"]
[WhiteElo "2024"]
[BlackElo "2089"]
[PlyCount "125"]
[EventDate "2004.09.11"]

1. Nf3 Nf6 2. g3 g6 3. Bg2 Bg7 4. O-O O-O 5. d3 d6 6. e4 e5 7. c3 Nc6 8. b4 a6
9. Bb2 d5 10. exd5 Nxd5 11. Qb3 Be6 12. Qc2 Qd7 13. Ng5 Bf5 14. Ne4 Rad8 15. a3
Nf6 16. Re1 b6 17. Nbd2 Qxd3 18. Qxd3 Rxd3 19. Bf1 Nxe4 20. Nxe4 Bxe4 21. Rxe4
Rd2 22. Rb1 b5 23. a4 f5 24. Re2 Rd5 25. axb5 axb5 26. c4 bxc4 27. Ree1 Kh8 28.
Bxc4 Rd2 29. b5 Nd4 30. Bxd4 Rxd4 31. Rec1 e4 32. Bf1 Be5 33. Rc2 Rfd8 34. Rbb2
Rd1 35. Ra2 Rb1 36. Rd2 Rd1 37. Rxd1 Rxd1 38. Kg2 Rd4 39. Rc2 Kg7 40. h4 Kf6
41. Be2 h6 42. h5 g5 43. g4 f4 44. f3 e3 45. Kf1 Bd6 46. Rc1 Ra4 47. Rb1 Ke5
48. Rd1 Rb4 49. Ke1 Rb2 50. Kf1 Rc2 51. Rb1 Bc5 52. Rd1 Bd4 53. Rb1 Kd5 54. Rd1
Kc5 55. Rb1 Bc3 56. Rd1 Bd2 57. Kg2 Rb2 58. Kf1 Ra2 59. Rb1 Ra4 60. Kg2 Ra2 61.
Kf1 Rc2 62. Bd1 Ra2 63. Be2 1/2-1/2

[Event "II Open Hotel Petra FIDE"]
[Site "Roma ITA"]
[Date "2004.09.16"]
[Round "6"]
[White "Fayard, Alain"]
[Black "Bove, Alessandro"]
[Result "1-0"]
[WhiteElo "2253"]
[BlackElo "2175"]
[PlyCount "85"]
[EventDate "2004.09.11"]

1. e4 g6 2. d4 Bg7 3. Be3 c5 4. c3 Nf6 5. f3 cxd4 6. cxd4 d6 7. Nc3 Nc6 8. Qd2
a6 9. Rc1 Qa5 10. Nge2 Bd7 11. Ng3 b5 12. b3 Rc8 13. d5 Ne5 14. Nge2 O-O 15.
Nd4 Rc7 16. Nd1 Qxd2+ 17. Kxd2 Rxc1 18. Kxc1 Rc8+ 19. Kd2 e6 20. dxe6 fxe6 21.
Be2 Kf7 22. Nf2 Nc6 23. Nxc6 Bxc6 24. Nd3 Ke7 25. Rc1 Bb7 26. Rxc8 Bxc8 27. Nb4
Ne8 28. Bb6 Be5 29. Nc6+ Kd7 30. Nxe5+ dxe5 31. Bc5 Kc6 32. Bb4 Nf6 33. Ke3 Nd7
34. Be7 h6 35. Kf2 Kb6 36. h4 Kc6 37. Kg3 Kb6 38. Kg4 a5 39. h5 g5 40. Bxg5
hxg5 41. Kxg5 Nf8 42. Kh6 Bd7 43. Kg7 1-0

[Event "II Open Hotel Petra FIDE"]
[Site "Roma ITA"]
[Date "2004.09.16"]
[Round "6"]
[White "Rocchetti, Marco"]
[Black "Occhipinti, Massimo"]
[Result "1/2-1/2"]
[WhiteElo "1978"]
[BlackElo "2089"]
[PlyCount "49"]
[EventDate "2004.09.11"]

1. d4 Nf6 2. Nf3 g6 3. Bf4 Bg7 4. e3 d6 5. h3 O-O 6. Be2 Nh5 7. Bh2 c5 8. c3
cxd4 9. exd4 Nc6 10. O-O e5 11. dxe5 dxe5 12. Nfd2 Nf4 13. Bxf4 exf4 14. Nf3
Be6 15. Nbd2 Re8 16. Re1 h6 17. Bc4 Bxc4 18. Nxc4 Rxe1+ 19. Qxe1 Qd5 20. Qe2
Rd8 21. a3 g5 22. Re1 b5 23. Ncd2 Kf8 24. Qe4 Qxe4 25. Nxe4 1/2-1/2

[Event "II Open Hotel Petra FIDE"]
[Site "Roma ITA"]
[Date "2004.09.16"]
[Round "6"]
[White "Rossi, Aldo A."]
[Black "Scacco, Mauro"]
[Result "0-1"]
[WhiteElo "2036"]
[BlackElo "2117"]
[PlyCount "68"]
[EventDate "2004.09.11"]

1. e4 e5 2. Bc4 Nf6 3. d3 Nc6 4. Nc3 Na5 5. f4 Nxc4 6. dxc4 Bb4 7. Qd3 exf4 8.
Nf3 Qe7 9. O-O Bxc3 10. Qxc3 O-O 11. e5 Qc5+ 12. Qd4 Ne4 13. Bxf4 b6 14. Rad1
Ba6 15. Rfe1 Qxd4+ 16. Rxd4 Nc5 17. Bg3 Ne6 18. Rxd7 Bxc4 19. a4 h6 20. b3 Ba6
21. Nd4 Rfd8 22. Rxd8+ Rxd8 23. Nxe6 fxe6 24. Bf4 Rd4 25. Bc1 c5 26. Be3 Rd5
27. Bf2 Bb7 28. c4 Rd3 29. Re3 Rxe3 30. Bxe3 a5 31. h4 Be4 32. h5 Bc2 33. Bf2
Kf7 34. b4 axb4 0-1

[Event "II Open Hotel Petra FIDE"]
[Site "Roma ITA"]
[Date "2004.09.16"]
[Round "6"]
[White "Russi, Roberto"]
[Black "Braschi, Giancarlo"]
[Result "0-1"]
[WhiteElo "2086"]
[BlackElo "2196"]
[PlyCount "54"]
[EventDate "2004.09.11"]

1. c4 c5 2. Nf3 Nc6 3. Nc3 e5 4. g3 g6 5. Bg2 Bg7 6. d3 Nge7 7. Bd2 O-O 8. Qc1
Re8 9. h4 d5 10. cxd5 Nxd5 11. Nxd5 Qxd5 12. O-O Qd6 13. Ng5 Nd4 14. Re1 Bg4
15. f3 Bf5 16. g4 h6 17. gxf5 hxg5 18. fxg6 gxh4 19. gxf7+ Kxf7 20. Kf2 e4 21.
Qc4+ Kf6 22. f4 e3+ 23. Bxe3 Bh6 24. Bxd4+ cxd4 25. Bd5 Qxf4+ 26. Bf3 Qg3+ 27.
Kf1 Be3 0-1

[Event "II Open Hotel Petra FIDE"]
[Site "Roma ITA"]
[Date "2004.09.17"]
[Round "7"]
[White "Bove, Alessandro"]
[Black "Bellincampi, Stefano"]
[Result "1/2-1/2"]
[WhiteElo "2175"]
[BlackElo "2064"]
[PlyCount "87"]
[EventDate "2004.09.11"]

1. Nf3 Nf6 2. g3 b6 3. Bg2 Bb7 4. O-O e6 5. d3 d5 6. c3 c5 7. Nbd2 Be7 8. Qc2
O-O 9. e4 Nc6 10. Re1 Rc8 11. e5 Nd7 12. Nf1 b5 13. h4 b4 14. h5 a5 15. N1h2
Nb6 16. Ng4 a4 17. Bf4 Qd7 18. Qe2 a3 19. bxa3 bxc3 20. h6 g6 21. Bg5 d4 22.
Nf6+ Bxf6 23. Bxf6 Nd5 24. Bg7 Rfe8 25. Ng5 f5 26. exf6 Nd8 27. Be4 Nf7 28.
Nxh7 Nf4 29. Nf8 Nxe2+ 30. Rxe2 Nxh6 31. Nxd7 Bxe4 32. Rxe4 Nf5 33. Ne5 Red8
34. Nxg6 c4 35. Nf4 Rb8 36. Nxe6 cxd3 37. f7+ Kxf7 38. Nxd8+ Kxg7 39. Ne6+ Kf6
40. Nxd4 Nxd4 41. Rxd4 c2 42. Re1 Rb1 43. Rd6+ Kf7 44. Rd7+ 1/2-1/2

[Event "II Open Hotel Petra FIDE"]
[Site "Roma ITA"]
[Date "2004.09.17"]
[Round "7"]
[White "Cappai, Davide"]
[Black "Cavatorta, Fosco"]
[Result "1-0"]
[WhiteElo "2132"]
[BlackElo "2057"]
[PlyCount "71"]
[EventDate "2004.09.11"]

1. e4 d6 2. d4 Nf6 3. Nc3 g6 4. f3 c6 5. Be3 Nbd7 6. Qd2 b5 7. a3 Bb7 8. h4 Nb6
9. g4 h5 10. g5 Nfd7 11. b3 Bg7 12. Nge2 a6 13. Bh3 e6 14. O-O O-O 15. f4 c5
16. f5 exf5 17. exf5 cxd4 18. Bxd4 Bxd4+ 19. Nxd4 Nc5 20. Rae1 Qd7 21. Re3 Qc7
22. Rfe1 d5 23. Bg2 Qf4 24. Rf1 Qxh4 25. Rh3 Qg4 26. Rf4 Qxg5 27. Nf3 Qh6 28.
Rxh5 gxh5 29. Rg4+ Kh7 30. Ng5+ Kg7 31. Nxf7+ Kxf7 32. Qxh6 hxg4 33. Qxb6 Rac8
34. b4 Rc6 35. Bxd5+ Kf6 36. Bxc6 1-0